| 000 | 01270nam a2200241Ia 4500 | ||
|---|---|---|---|
| 999 |
_c47260 _d47260 |
||
| 001 | 14120 | ||
| 003 | GE_BSU | ||
| 005 | 20220621120229.0 | ||
| 008 | 181216s2013ge xx |||||||||||||| ||geo|| | ||
| 020 | _a9789941221439 | ||
| 040 | _cGE_BSU | ||
| 041 | _ageo | ||
| 080 | _a39(075.8) თ-77 | ||
| 100 |
_aთოფჩიშვილი,როლანდ _914135 |
||
| 245 |
_aეთნოლოგიური მეცნიერების შესავალი _bსახ-ლო უნ-ტის ჰუმანიტ-მეცნიერებათა ფაკ-ტის სტუდ-ს / _cროლანდ თოფჩიშვილი, სამეცნ. რედ. ელდარ ნადირაძე [და სხვ.] |
||
| 264 |
_aთბილისი: _bუნივერსალი, _c2013. |
||
| 300 |
_a392 გვ.: _c24 სმ. |
||
| 500 | _aეძღვნება გიორგი ჩიტაიას ხსოვნას. | ||
| 653 | _aეთნოლოგიური მეცნიერების შესავალი | ||
| 653 | _aეთნოლოგია | ||
| 700 |
_aნადირაძე, ელდარ _eსამეცნიერო რედაქტორი _914170 |
||
| 942 |
_cBK _2udc |
||